[Event "2nd Goa GM Open 2019"]
[Site "Goa"]
[Date "2019.06.20"]
[Round "4.5"]
[White "Iniyan, P."]
[Black "Mitrabha, Guha"]
[Result "1/2-1/2"]
[WhiteElo "2525"]
[BlackElo "2341"]
[Annotator "ChessBase"]
[PlyCount "85"]
[EventDate "2019.06.17"]
[EventType "swiss"]
[EventCountry "IND"]
[SourceTitle "playchess.com"]
[Source "ChessBase"]
[SourceQuality "1"]
[TimeControl "5400+30"]

1. e4 {[%emt 0:00:00]} c6 {[%emt 0:00:00]} 2. Nc3 {[%emt 0:00:07]} d5 {[%emt 0:00:00]} 3. Qf3 {[%emt 0:00:07]} dxe4 {[%emt 0:04:14]} 4. Nxe4 {[%emt 0:02:51]} Qd5 {[%emt 0:00:26]} 5. Ne2 {[%emt 0:05:22]} Nf6 {[%emt 0:01:10]} 6. d3 {[%emt 0:01:40]} Nbd7 {[%emt 0:02:33]} 7. N2c3 {[%emt 0:00:20]} Qh5 {[%emt 0:01:15]} 8. Qg3 {[%emt 0:01:52]} Nxe4 {[%emt 0:03:52]} 9. Nxe4 {[%emt 0:02:42]} Nf6 {[%emt 0:04:35]} 10. Nxf6+ {[%emt 0:01:03]} exf6 {[%emt 0:01:12]} 11. Be2 {[%emt 0:02:16]} Qg6 {[%emt 0:00:09]} 12. Bf4 {[%emt 0:09:32]} Be6 {[%emt 0:00:59]} 13. O-O-O {[%emt 0:01:37]} Qxg3 {[%emt 0:00:26]} 14. Bxg3 {[%emt 0:00:09]} O-O-O {[%emt 0:00:53]} 15. d4 {[%emt 0:03:42]} a5 {[%emt 0:02:09]} 16. c4 Bd6 {[%emt 0:00:17]} 17. Bxd6 {[%emt 0:04:37]} Rxd6 {[%emt 0:00:02]} 18. Kc2 {[%emt 0:00:10]} Rhd8 {[%emt 0:01:55]} 19. Kc3 {[%emt 0:00:25]} Kc7 {[%emt 0:00:02]} 20. a3 {[%emt 0:01:47]} b5 {[%emt 0:03:36]} 21. cxb5 {[%emt 0:02:01]} cxb5 {[%emt 0:00:02]} 22. Bxb5 {[%emt 0:00:26]} Kb6 {[%emt 0:00:18]} 23. Bc4 {[%emt 0:09:21]} Rc8 {[%emt 0:00:12]} 24. b3 {[%emt 0:00:06]} a4 {[%emt 0:00:03]} 25. d5 {[%emt 0:01:39]} Rxd5 {[%emt 0:00:05]} 26. Rxd5 {[%emt 0:00:08]} Bxd5 {[%emt 0:00:01]} 27. Kb4 {[%emt 0:00:10]} Bxc4 {[%emt 0:00:33]} 28. bxc4 {[%emt 0:00:07]} Re8 {[%emt 0:00:05]} 29. Kc3 {[%emt 0:00:18]} Re2 {[%emt 0:01:53]} 30. Rb1+ {[%emt 0:03:04]} Kc6 {[%emt 0:00:02]} 31. Rb2 {[%emt 0:00:07]} Re8 {[%emt 0:00:01]} 32. Rb5 {[%emt 0:00:42]} Re1 {[%emt 0:00:33]} 33. Kb4 {[%emt 0:01:13]} g6 {[%emt 0:00:28]} 34. Rc5+ {[%emt 0:01:29]} Kb7 {[%emt 0:00:31]} 35. Rd5 {[%emt 0:00:06]} Re2 {[%emt 0:02:05]} 36. Rd7+ {[%emt 0:00:06]} Kc6 {[%emt 0:00:01]} 37. Rxf7 {[%emt 0:00:08]} Rxf2 {[%emt 0:00:02]} 38. g4 {[%emt 0:00:23]} Rb2+ {[%emt 0:00:05]} 39. Kxa4 {[%emt 0:00:29]} Rxh2 {[%emt 0:00:02]} 40. Kb4 {[%emt 0:05:25]} Rb2+ {[%emt 0:00:25]} 41. Kc3 {[%emt 0:00:05]} Rg2 {[%emt 0:00:05]} 42. Kb4 {[%emt 0:00:06]} Rb2+ {[%emt 0:00:07]} 43. Kc3 {[%emt 0:00:03]} 1/2-1/2

[Event "2nd Goa GM Open 2019"]
[Site "Goa"]
[Date "2019.06.20"]
[Round "4.6"]
[White "Sankalp Gupta"]
[Black "Kostenko, Petr"]
[Result "0-1"]
[WhiteElo "2359"]
[BlackElo "2473"]
[Annotator "ChessBase"]
[PlyCount "72"]
[EventDate "2019.06.17"]
[EventType "swiss"]
[EventCountry "IND"]
[SourceTitle "playchess.com"]
[Source "ChessBase"]
[SourceQuality "1"]
[TimeControl "5400+30"]

1. e4 {[%emt 0:05:52]} e6 {[%emt 0:18:27]} 2. d4 {[%emt 0:00:03]} d5 {[%emt 0:00:10]} 3. Nd2 {[%emt 0:00:05]} c5 {[%emt 0:00:06]} 4. exd5 {[%emt 0:00:05]} Qxd5 {[%emt 0:00:04]} 5. Ngf3 {[%emt 0:00:08]} cxd4 {[%emt 0:00:02]} 6. Bc4 {[%emt 0:00:09]} Qd8 {[%emt 0:00:03]} 7. O-O {[%emt 0:00:12]} Nc6 {[%emt 0:00:02]} 8. Nb3 {[%emt 0:00:06]} a6 {[%emt 0:00:06]} 9. a4 {[%emt 0:03:15]} Nf6 {[%emt 0:03:08]} 10. Nbxd4 {[%emt 0:02:50]} Nxd4 {[%emt 0:00:09]} 11. Nxd4 {[%emt 0:00:14]} Bd6 {[%emt 0:00:59]} 12. h3 {[%emt 0:02:45]} O-O {[%emt 0:10:04]} 13. Bg5 {[%emt 0:02:55]} h6 {[%emt 0:06:11]} 14. Bh4 {[%emt 0:08:32]} Qc7 {[%emt 0:02:02]} 15. Qe2 {[%emt 0:05:33]} Nh5 {[%emt 0:01:06]} 16. b3 {[%emt 0:07:02]} Nf4 {[%emt 0:00:44]} 17. Qe4 {[%emt 0:05:27]} b5 {[%emt 0:14:24]} 18. Bd3 {[%emt 0:15:33]} Nxd3 {[%emt 0:01:16]} 19. Qxd3 {[%emt 0:01:36]} b4 {[%emt 0:00:58]} 20. Rad1 {[%emt 0:03:14]} Bb7 {[%emt 0:00:36]} 21. Ne2 {[%emt 0:03:29]} Qc6 {[%emt 0:02:12]} 22. f3 {[%emt 0:00:12]} Bc5+ {[%emt 0:00:21]} 23. Bf2 {[%emt 0:04:13]} Rfc8 {[%emt 0:00:58]} 24. Rd2 {[%emt 0:01:10]} Be7 {[%emt 0:00:59]} 25. Nd4 {[%emt 0:12:30]} Qc7 {[%emt 0:00:42]} 26. Rfd1 {[%emt 0:01:49]} Rd8 {[%emt 0:01:31]} 27. Qe2 {[%emt 0:00:52]} Bf6 {[%emt 0:04:08]} 28. Be3 {[%emt 0:00:18]} Be5 {[%emt 0:05:29]} 29. f4 {[%emt 0:03:28]} Bf6 {[%emt 0:08:55]} 30. Qg4 {[%emt 0:04:27]} Kh8 {[%emt 0:03:21]} 31. f5 {[%emt 0:00:26]} exf5 {[%emt 0:02:21]} 32. Nxf5 {[%emt 0:00:20]} Rxd2 {[%emt 0:00:34]} 33. Rxd2 {[%emt 0:00:04]} Re8 {[%emt 0:00:46]} 34. Bd4 {[%emt 0:00:50]} Re1+ {[%emt 0:01:14]} 35. Kf2 {[%emt 0:00:03]} Re4 {[%emt 0:00:11]} 36. Qg3 {[%emt 0:01:22]} Qf4+ {[%emt 0:00:59]} 0-1

[Event "2nd Goa GM Open 2019"]
[Site "Goa"]
[Date "2019.06.20"]
[Round "4.7"]
[White "Iturrizaga Bonelli, Eduardo"]
[Black "Shyaamnikhil P"]
[Result "1/2-1/2"]
[WhiteElo "2637"]
[BlackElo "2434"]
[Annotator "TA"]
[PlyCount "99"]
[EventDate "2019.06.17"]
[EventType "swiss"]
[EventCountry "IND"]
[SourceTitle "playchess.com"]
[Source "ChessBase"]
[SourceQuality "1"]

{[%evp 9,99,-5,26,8,30,26,27,27,28,26,43,5,43,5,49,20,65,61,63,59,49,60,80,49,53,41,51,35,25,0,35,17,4,31,24,41,30,49,77,6,35,0,63,28,33,0,0,0,0,0,0,0,0,0,0,0,0,0,0,0,0,0,0,0,0,0,0,0,0,0,0,0,0,0,0,0,0,0,0,0,0,0,0,0,0,0,0,0,0,0,0,0]} 1. Nf3 d5 2. d4 Bf5 3. Bf4 e6 4. e3 Bd6 5. Bg3 h5 (5... Ne7 6. Nbd2 O-O 7. Nh4 c5 8. c3 Nbc6 9. Nxf5 Nxf5 10. Bd3 Nxg3 11. hxg3 h6 12. Nf3 cxd4 13. exd4 {½-½ (69) So,W (2815)-Carlsen,M (2832) chess.com INT 2017}) 6. Bd3 $146 {D02: 1 d4 d5 2 Nf3 sidelines, including 2...Nf6 3 g3 and 2...Nf6 3 Bf4} ({Predecessor:} 6. Nh4 Nf6 7. Nxf5 exf5 8. Bd3 Ne4 9. Bxe4 fxe4 10. Nd2 h4 11. Bxd6 Qxd6 12. Qg4 Nd7 13. Nb3 {0-1 (51) Schlueter,H (1526)-Walther,D (2140) Ellwangen 2001}) 6... Bxd3 7. Qxd3 Nc6 8. Nbd2 {White has an edge.} h4 9. Bxd6 cxd6 10. O-O Nge7 11. c4 Kf8 12. Rac1 Kg8 13. h3 dxc4 14. Nxc4 d5 15. Nce5 Rc8 16. Qa3 f6 17. Nd3 Kf7 18. b4 Qd6 19. Qb3 g5 20. Nh2 Nf5 21. Ng4 Nce7 22. Qa4 Rxc1 23. Rxc1 a6 24. Nc5 (24. b5 $16) 24... Rc8 $11 25. Qd1 Qc6 ({Black should play} 25... b6 $11) 26. Rc3 Qe8 27. Qc2 (27. Nh2 $5 {[%cal Rd1h5]}) 27... b6 $1 {[%cal Rb6c5] The position is equal.} 28. Nxa6 Rxc3 29. Qxc3 Qa4 30. Nb8 Nd6 $1 {[#] Strongly threatening ...Qd1+.} ({Don't go for} 30... Qxa2 $2 31. Nd7 $18) 31. Qc7 Ne4 32. Kh2 ({Wrong is} 32. Qxb6 $2 Nd2 $19) 32... Nd2 $1 {[%cal Rd2f1]} 33. Qc1 (33. Qxb6 {is a self mate.} Nf1+ 34. Kg1 Qd1 35. Ne5+ fxe5 36. Qb5 Ng3+ 37. Qf1 Qxf1+ 38. Kh2 Qh1#) 33... Nc4 $1 {White must now prevent ...Qa7.} 34. Qb1 $1 {[%cal Rb1h7] [#] And now Qh7+ would win.} f5 {Threatens to win with ...Qa7.} 35. b5 $1 Qa7 36. Nc6 Nxc6 37. bxc6 Qc7+ 38. Ne5+ Nxe5 39. dxe5 Qxc6 {[%mdl 4096] Endgame KQ-KQ} 40. Qd1 {aiming for Qh5+.} Kg6 $1 41. Qd4 Qc7 42. a4 Kf7 43. f4 gxf4 44. Qxf4 Qc3 45. Qxh4 {Qf6+ is the strong threat.} Qxe5+ 46. Qf4 Qe4 47. Qc7+ Kf6 48. Qd8+ Kf7 49. Qc7+ Kf6 50. Qd8+ {Accuracy: White = 46%, Black = 68%.} 1/2-1/2

[Event "2nd Goa GM Open 2019"]
[Site "Goa"]
[Date "2019.06.20"]
[Round "4.8"]
[White "Gupta, Abhijeet"]
[Black "Gusain, Himal"]
[Result "1/2-1/2"]
[WhiteElo "2606"]
[BlackElo "2404"]
[Annotator "TA"]
[PlyCount "182"]
[EventDate "2019.06.17"]
[EventType "swiss"]
[EventCountry "IND"]
[SourceTitle "playchess.com"]
[Source "ChessBase"]
[SourceQuality "1"]

{[%evp 11,182,0,3,0,0,0,12,9,33,11,27,0,101,102,96,97,127,118,101,95,97,57,84,84,67,83,84,81,67,59,75,80,97,55,78,67,116,95,93,95,95,96,129,91,99,0,172,168,602,594,581,568,438,0,119,114,136,122,124,0,0,0,0,0,0,0,0,0,0,0,14,0,0,0,0,0,0,0,0,0,0,0,0,0,0,-580,-424,-301,0,0,0,-5787,-213,-455,-428,-5704,-5614,-1819,-1214,-5281,-1679,-1477,-1349,-1114,-995,-877,-596,-331,-175,-29963,-29950,-12411,-12111,-1184,-5595,-29974,-29974,-29978,-538,-29975,-5728,-29962,-29963,-11181,-1817,-5522,-5112,-5057,-5057,-1830,-504,-497,-475,-467,-227,-326,-195,-143,-144,-465,-366,-408,-124,-426,-85,-131,-131,-131,-131,-138,0,0,0,-131,-131,-132,-131,-125,-124,-124,-124,-124,-124,-124,-124,-124,-124,-125,-124,-131,-131,-131,-8]} 1. d4 d5 2. c4 e6 3. Nf3 c6 4. g3 dxc4 5. Bg2 b5 6. O-O Bb7 7. b3 {D30: Queen's Gambit Declined: Systems without Nc3} cxb3 $1 8. Qxb3 Nd7 9. Nc3 {The position is equal.} Ngf6 10. Ne5 Qc8 11. Bg5 {Threatening Nxb5.} b4 (11... Nxe5 $11 12. dxe5 Nd7) 12. Bxf6 $1 $16 gxf6 13. Nxd7 Qxd7 14. Ne4 Be7 $146 ({Predecessor:} 14... f5 15. Nf6+ {1-0 (15) Fressinet,L (2693)-Fargere,F (2467) Nancy 2012}) 15. Rfd1 a5 16. Qf3 f5 17. Nc5 Bxc5 18. dxc5 Qe7 19. Rd6 O-O 20. Rad1 {[%cal Ba1d1,Bd1d4,Bd4a4][%mdl 32]} Qf6 21. e4 Qe5 22. exf5 exf5 23. Qh5 a4 24. R1d4 $36 {[%mdl 2048] White has strong initiative.} (24. Bxc6 $6 Bxc6 25. Rxc6 b3 $11) 24... Rae8 25. Bf1 b3 26. axb3 a3 27. Ra4 f4 28. Qh4 (28. Qxe5 $16 Rxe5 29. Rxa3 (29. gxf4 Rxc5 30. Bc4 Rf5 $16)) 28... Re6 $2 (28... Ra8 $1 $11 29. Rxf4 (29. Bd3 h5 $17) 29... Bc8) 29. Bd3 $18 {[%csl Gd3][%cal Rh4h7]} ({And not} 29. gxf4 Qa1 $11) ({Don't take} 29. Qxf4 Qxf4 30. gxf4 Rxd6 $16) 29... Qe1+ $2 (29... h5) 30. Kg2 {[%csl Gd3][%cal Rh4h7]} f3+ 31. Kxf3 {[%csl Gd3][%cal Rh4h7]} Qh1+ 32. Kf4 $2 ({White must play} 32. Kg4 $18 {[%csl Gd3][%cal Rh4h7]} Rg6+ 33. Bxg6 hxg6 34. Rd8 Rxd8 35. Qxd8+ Kg7 36. Qd4+ Kg8 37. Qd7 Qxh2 38. Qxb7 Qh5+ 39. Kf4 Qf5+ 40. Ke3 Qxc5+ 41. Ke2 Qc2+ 42. Kf1 Qd1+ 43. Kg2 Qd5+ 44. Kh2) 32... Rg6 (32... h6 $11 {remains equal.} 33. Bf5 Rxd6 34. cxd6 c5 35. Qg4+ Kh8) 33. Rd8 $1 $16 Qc1+ 34. Kf3 Qh1+ 35. Ke2 (35. Ke3 $1 $16 Qe1+ 36. Kf3 Qh1+ 37. Ke2 Re6+ 38. Be4 Rxe4+ 39. Rxe4 Qxe4+ 40. Qxe4 Rxd8 41. Qe7) 35... Re6+ $11 36. Re4 Rxe4+ 37. Bxe4 Qxe4+ 38. Qxe4 {Threatening mate with Qg4+.} Rxd8 {[%mdl 4096] Endgame KQ-KRB} 39. Qe7 Rb8 $1 40. Qg5+ Kf8 41. Qh6+ Kg8 42. Qd2 Ra8 43. Qa2 Bc8 44. Kd2 Be6 45. Kc2 Ra5 46. Kb1 Rb5 47. Ka1 Rxb3 48. f4 $2 {[%mdl 8192]} (48. Qd2 $1 $11 {and White has nothing to worry.}) 48... Rd3 $19 49. Qc2 Rd4 $2 (49... Rf3 $1 $19 {[%cal Rf3f1]} 50. Qe2 Bd5) 50. f5 $1 $11 {[%cal Rf5e6]} Bd5 51. f6 $2 {[%mdl 8192]} (51. Qc1 $11) 51... Re4 $2 (51... a2 52. Qe2 h6) 52. Qb1 $2 (52. Qc1 {was the only defense.} a2 53. Qg5+ Kf8 54. Qh6+ Ke8 55. Qd2) 52... h6 $19 53. Qc1 (53. Qd1 $142 a2 54. Kb2) 53... a2 $1 54. Qd2 Kh7 55. h4 Kg6 (55... Re8 $142 56. Qf2 Kg8) 56. Kb2 Kxf6 57. Qxh6+ Ke5 {( -> ...Re2+)} 58. Qd2 Ke6 59. h5 Kd7 (59... f6 $142 60. Ka1 Kf7) 60. h6 $2 (60. Ka1 $19 Re8 61. Qb4) 60... Re8 $1 61. Qa5 Re2+ 62. Kc3 Rh2 63. Kd4 Rxh6 64. Ke5 Ke7 (64... f6+ $142 65. Kf4 Rh1 66. Qa7+ Ke6 67. Qa8 Kf7 68. Ke3 a1=Q 69. Qxa1 Rxa1 70. Ke2 f5 71. Kd2 Ra3 72. Ke2 Rxg3 73. Kd2 f4 74. Ke2 Rg2+ 75. Kd3 f3 76. Ke3 f2 77. Ke2 Rh2 78. Kd3 f1=Q+ 79. Ke3 Qf2+ 80. Kd3 Rh3#) 65. Kf5 Rh5+ (65... Rh1 $142 66. Qc7+ Kf8 67. Qd8+ Kg7 68. Qf6+ Kh7 69. Qc3 a1=Q 70. Qxa1 Rxa1 71. Ke5 Re1+ 72. Kf5 Ra1 73. Ke5 Rg1 74. Kf5 Ra1) 66. Kg4 Re5 $1 67. Kf4 Ke6 (67... f6 $142 68. g4 Ke6) 68. g4 Re4+ 69. Kg5 f6+ 70. Kh5 {[#]} Kf7 (70... Rb4 $142 $1 {[%mdl 512] ...Rb1 is the strong threat.} 71. Kh6 (71. Qxb4 a1=Q) 71... Rxg4) 71. g5 {and the idea Qc7+ leaves White hopeful.} fxg5 72. Kxg5 Re7 (72... Re5+ $142 73. Kf4 Re2) 73. Kf5 (73. Qc3 {was forced.}) 73... Be6+ (73... Rb7 $142 74. Kg5 Ke6) 74. Kg5 {[#]} (74. Kf4 $19) 74... Rd7 $1 $17 75. Qc3 $2 {[%mdl 8192]} (75. Kh6 $17 {is a better chance.}) 75... Rd5+ $19 76. Kh6 Ke7 $2 (76... Rf5 $19 {aiming for ...Rf6+.} 77. Qg7+ Ke8) 77. Qc1 $2 {[%mdl 8192]} (77. Qg7+ $17 Bf7 78. Qb2) 77... Kd7 $2 (77... Rf5 $19 {has better winning chances.} 78. Qb2 Bd5) 78. Qb2 Rxc5 {White must now prevent ...Rb5.} 79. Qb7+ Kd6 80. Qb8+ Ke7 (80... Kd5 $17 81. Qb3+ Kd4 82. Qd1+ Ke5 83. Qe2+ Kd6 84. Qd3+ Kc7 85. Qh7+ Kb6) 81. Qa7+ $11 Kd6 (81... Kd8 $2 82. Qa8+ Ke7 83. Qa7+ Kd6 84. Qa3 $19) 82. Qa3 (82. Qb8+ $1 $11 Kd5 83. Qb3+ Kd4 84. Qd1+ Ke5 85. Kg6) 82... Bc4 $17 {And now ...Kd5 would win.} 83. Kg6 Kd5 {Hoping for ...Rb5.} 84. Qf3+ Kd4 85. Qf2+ {[#]} Kd3 $1 86. Qxc5 {Threatens to win with Qe5.} a1=Q 87. Qxc6 Qg1+ 88. Kh6 Qe3+ 89. Kh7 Qe7+ 90. Kh6 Qf8+ 91. Kg5 Kd4 {Accuracy: White = 42%, Black = 49%.} (91... Qf2 $17 92. Qg6+ Kd2) 1/2-1/2

[Event "2nd Goa GM Open 2019"]
[Site "Goa"]
[Date "2019.06.20"]
[Round "4.9"]
[White "Koustav Chatterjee"]
[Black "Idani, Pouya"]
[Result "1/2-1/2"]
[WhiteElo "2404"]
[BlackElo "2597"]
[Annotator "TA RC"]
[PlyCount "56"]
[EventDate "2019.06.17"]
[EventType "swiss"]
[EventCountry "IND"]
[SourceTitle "playchess.com"]
[Source "ChessBase"]
[SourceQuality "1"]

{[%evp 10,56,17,13,23,0,0,4,0,0,0,0,17,0,18,13,6,-3,17,4,0,-11,0,0,0,0,0,0,22,0,34,38,35,28,38,35,100,99,97,89,89,97,95,100,110,60,94,42,97]} 1. c4 e5 2. g3 Nf6 3. Bg2 d5 4. cxd5 Nxd5 5. Nc3 Nxc3 6. bxc3 Nc6 {A22: English Opening: 1...e5 2 Nc3 Nf6} 7. Rb1 (7. Nf3 Bc5 8. O-O O-O 9. d3 Rb8 10. a4 Be6 11. Ng5 Bg4 12. Ne4 Be7 13. Ba3 Bxa3 14. Rxa3 b6 15. Re1 Qe7 16. Ra1 Rbd8 17. Qb3 {1-0 (57) Ding,L (2778)-Dubov,D (2696) Liaocheng 2018}) 7... Bc5 8. d3 O-O {The position is equal.} 9. Nf3 Rb8 10. O-O b6 11. Qa4 $146 ({Predecessor:} 11. Nd2 Qd7 12. Nc4 Re8 13. Qb3 Bb7 14. Rd1 h6 15. Ba3 Bxa3 16. Qxa3 Qe6 17. Rb2 {½-½ (51) Akdag,M (2571)-Nekhaev,A (2516) ICCF email 2015}) 11... Qe8 12. Qc2 Bd6 13. e4 Qe7 14. Be3 Na5 15. Nd2 Ba6 16. Nb3 Nb7 17. f4 f6 18. Rbd1 Nc5 19. Rfe1 Nxb3 20. axb3 c5 21. f5 Rbd8 22. g4 Bb8 {[#]} (22... Qf7 $14) 23. b4 $1 $16 {[%mdl 512] And now Qa2+ would win.} Kh8 (23... cxb4 24. Qa2+) 24. bxc5 bxc5 25. c4 Bb7 26. Ra1 Rd7 27. Ra5 Rc8 28. Rb1 ({White should play} 28. Bf1 $16) 28... a6 {Accuracy: White = 46%, Black = 49%.} (28... Qd8 $14 29. Ra3 (29. Rxc5 Bc6 $14) 29... a5) 1/2-1/2

[Event "2nd Goa GM Open 2019"]
[Site "Goa"]
[Date "2019.06.20"]
[Round "4.10"]
[White "Jojua, Davit"]
[Black "Bharath Subramaniyam H"]
[Result "0-1"]
[WhiteElo "2580"]
[BlackElo "2383"]
[Annotator "ChessBase"]
[PlyCount "83"]
[EventDate "2019.06.17"]
[EventType "swiss"]
[EventCountry "IND"]
[SourceTitle "playchess.com"]
[Source "ChessBase"]
[SourceQuality "1"]
[TimeControl "5400+30"]

1. d4 {[%emt 0:00:00]} Nf6 {[%emt 0:00:00]} 2. c4 {[%emt 0:00:00]} e6 {[%emt 0:00:05]} 3. Nc3 {[%emt 0:00:00]} c5 {[%emt 0:00:34]} 4. d5 {[%emt 0:00:00]} exd5 {[%emt 0:00:07]} 5. cxd5 {[%emt 0:00:00]} d6 {[%emt 0:00:10]} 6. Nf3 {[%emt 0:00:11]} g6 {[%emt 0:00:12]} 7. h3 {[%emt 0:00:06]} Bg7 {[%emt 0:00:41]} 8. e4 {[%emt 0:00:23]} O-O {[%emt 0:00:16]} 9. Bd3 {[%emt 0:00:06]} b5 {[%emt 0:00:14]} 10. Nxb5 {[%emt 0:00:12]} Re8 {[%emt 0:00:14]} 11. O-O {[%emt 0:00:23]} Nxe4 {[%emt 0:00:11]} 12. Qa4 {[%emt 0:00:12]} a6 {[%emt 0:02:03]} 13. Bxe4 {[%emt 0:09:40]} Bd7 {[%emt 0:00:32]} 14. Re1 {[%emt 0:03:26]} Bxb5 {[%emt 0:02:06]} 15. Qb3 {[%emt 0:00:57]} c4 {[%emt 0:26:08]} 16. Qb4 {[%emt 0:17:10]} c3 {[%emt 0:03:42]} 17. bxc3 {[%emt 0:23:16]} Qc7 {[%emt 0:00:48]} 18. Bd2 {[%emt 0:06:36]} Nd7 {[%emt 0:01:37]} 19. Bc2 {[%emt 0:08:23]} Nb6 {[%emt 0:09:10]} 20. Bb3 {[%emt 0:02:16]} Be2 {[%emt 0:07:11]} 21. Qf4 {[%emt 0:08:06]} Bc4 {[%emt 0:01:30]} 22. Ng5 {[%emt 0:06:12]} h6 {[%emt 0:17:33]} 23. Ne4 {[%emt 0:00:04]} Nxd5 {[%emt 0:01:19]} 24. Qf3 {[%emt 0:02:30]} Rad8 {[%emt 0:00:57]} 25. Rad1 {[%emt 0:02:53]} f5 {[%emt 0:03:26]} 26. Ng3 {[%emt 0:01:06]} Nb6 {[%emt 0:03:31]} 27. h4 {[%emt 0:01:16]} h5 {[%emt 0:01:43]} 28. Ne2 {[%emt 0:01:04]} d5 {[%emt 0:02:06]} 29. Nf4 {[%emt 0:01:38]} Qf7 {[%emt 0:01:29]} 30. Rxe8+ {[%emt 0:01:41]} Rxe8 {[%emt 0:01:43]} 31. Be3 {[%emt 0:00:01]} Nd7 {[%emt 0:01:04]} 32. Nxg6 {[%emt 0:03:15]} Qxg6 {[%emt 0:01:39]} 33. Bxc4 {[%emt 0:00:01]} dxc4 {[%emt 0:00:01]} 34. Rxd7 {[%emt 0:00:36]} Bxc3 {[%emt 0:00:08]} 35. Qf4 {[%emt 0:01:19]} Re4 {[%emt 0:01:04]} 36. Qb8+ {[%emt 0:00:05]} Re8 {[%emt 0:00:05]} 37. Qc7 {[%emt 0:00:19]} Qe6 {[%emt 0:00:43]} 38. Qg3+ {[%emt 0:00:20]} Kh8 {[%emt 0:00:07]} 39. Rd6 {[%emt 0:00:14]} Be5 {[%emt 0:01:25]} 40. Rxe6 {[%emt 0:00:04]} Rxe6 {[%emt 0:00:05]} 41. Qg5 {[%emt 0:00:40]} c3 {[%emt 0:00:05]} 42. Qxf5 {[%emt 0:00:11]} 0-1

[Event "2nd Goa GM Open 2019"]
[Site "Goa"]
[Date "2019.06.20"]
[Round "4.12"]
[White "Rahul Srivatshav P"]
[Black "Burmakin, Vladimir"]
[Result "1/2-1/2"]
[WhiteElo "2395"]
[BlackElo "2526"]
[Annotator "ChessBase"]
[PlyCount "99"]
[EventDate "2019.06.17"]
[EventType "swiss"]
[EventCountry "IND"]
[SourceTitle "playchess.com"]
[Source "ChessBase"]
[SourceQuality "1"]
[TimeControl "5400+30"]

1. c4 {[%emt 0:00:00]} e6 {[%emt 0:00:00]} 2. Nf3 {[%emt 0:00:03]} Nf6 {[%emt 0:00:00]} 3. g3 {[%emt 0:00:05]} b6 {[%emt 0:00:10]} 4. Bg2 {[%emt 0:00:31]} Bb7 {[%emt 0:00:07]} 5. O-O {[%emt 0:00:24]} d5 {[%emt 0:01:01]} 6. b3 {[%emt 0:10:37]} Be7 {[%emt 0:02:23]} 7. Bb2 {[%emt 0:04:27]} O-O {[%emt 0:00:10]} 8. e3 {[%emt 0:01:53]} dxc4 {[%emt 0:01:15]} 9. bxc4 {[%emt 0:00:08]} c5 {[%emt 0:00:11]} 10. Nc3 {[%emt 0:00:13]} Nc6 {[%emt 0:00:26]} 11. Qe2 {[%emt 0:00:49]} Rc8 {[%emt 0:02:18]} 12. Rfd1 {[%emt 0:00:51]} Qc7 {[%emt 0:00:05]} 13. h3 {[%emt 0:01:18]} Rfd8 {[%emt 0:00:40]} 14. d3 {[%emt 0:04:28]} Qb8 {[%emt 0:00:24]} 15. g4 {[%emt 0:04:14]} Qa8 {[%emt 0:01:34]} 16. g5 {[%emt 0:05:20]} Ne8 {[%emt 0:00:12]} 17. Ne4 {[%emt 0:07:50]} Nb4 {[%emt 0:16:23]} 18. Ne5 {[%emt 0:25:07]} Nxd3 {[%emt 0:00:23]} 19. Rxd3 {[%emt 0:00:07]} Bxe4 {[%emt 0:00:09]} 20. Qh5 {[%emt 0:00:02]} g6 {[%emt 0:01:23]} 21. Qh4 {[%emt 0:00:05]} Bxg2 {[%emt 0:00:37]} 22. Qf4 {[%emt 0:00:23]} f6 {[%emt 0:04:49]} 23. Nd7 {[%emt 0:00:59]} Bxh3 {[%emt 0:09:45]} 24. Qg3 {[%emt 0:05:32]} Bf5 {[%emt 0:01:40]} 25. gxf6 {[%emt 0:02:54]} Rxd7 {[%emt 0:15:06]} 26. f7+ {[%emt 0:00:20]} Kxf7 {[%emt 0:00:02]} 27. Rxd7 {[%emt 0:00:05]} Qe4 {[%emt 0:00:38]} 28. Rad1 {[%emt 0:00:53]} Rc7 {[%emt 0:05:58]} 29. Be5 {[%emt 0:02:33]} Rxd7 {[%emt 0:01:45]} 30. Rxd7 {[%emt 0:00:04]} Nf6 {[%emt 0:15:16]} 31. Rxa7 {[%emt 0:02:04]} Qxc4 {[%emt 0:00:33]} 32. Qg5 {[%emt 0:10:09]} Qc1+ {[%emt 0:01:48]} 33. Kh2 {[%emt 0:00:47]} Ng4+ {[%emt 0:02:06]} 34. Kg2 {[%emt 0:00:06]} Be4+ {[%emt 0:01:19]} 35. Kg3 {[%emt 0:00:12]} Qg1+ {[%emt 0:01:51]} 36. Kf4 {[%emt 0:00:22]} Qxf2+ {[%emt 0:03:35]} 37. Kxe4 {[%emt 0:00:09]} Qf5+ {[%emt 0:01:31]} 38. Qxf5+ {[%emt 0:00:09]} exf5+ {[%emt 0:00:02]} 39. Kf4 {[%emt 0:01:58]} Nxe5 {[%emt 0:03:49]} 40. Kxe5 {[%emt 0:00:13]} b5 {[%emt 0:00:03]} 41. a3 h5 {[%emt 0:00:14]} 42. Rb7 {[%emt 0:04:17]} c4 {[%emt 0:02:53]} 43. Rxb5 {[%emt 0:00:06]} Bxa3 {[%emt 0:00:02]} 44. Rb7+ {[%emt 0:00:55]} Be7 {[%emt 0:00:02]} 45. Rc7 {[%emt 0:00:23]} c3 {[%emt 0:00:04]} 46. e4 {[%emt 0:00:42]} fxe4 {[%emt 0:00:12]} 47. Kxe4 {[%emt 0:00:05]} Ke6 {[%emt 0:00:04]} 48. Rxc3 {[%emt 0:00:05]} g5 {[%emt 0:00:05]} 49. Rg3 {[%emt 0:00:20]} Kf6 {[%emt 0:00:46]} 50. Rxg5 {[%emt 0:00:17]} 1/2-1/2